Earth / (Record no. 3682)

MARC details
000 -LEADER
fixed length control field 00916pam a2200289 a 4500
001 - CONTROL NUMBER
control field 2387298
003 - CONTROL NUMBER IDENTIFIER
control field OSt
005 - DATE AND TIME OF LATEST TRANSACTION
control field 20160421142754.0
008 - FIXED-LENGTH DATA ELEMENTS--GENERAL INFORMATION
fixed length control field 850827s1986 nyuaf b 001 0 eng
010 ## - LIBRARY OF CONGRESS CONTROL NUMBER
LC control number 85020581
020 ## - INTERNATIONAL STANDARD BOOK NUMBER
International Standard Book Number 0716717433
040 ## - CATALOGING SOURCE
Original cataloging agency DLC
Transcribing agency DLC
Modifying agency DLC
050 00 - LIBRARY OF CONGRESS CALL NUMBER
Classification number QE28.2
Item number .P7 1986
082 00 - DEWEY DECIMAL CLASSIFICATION NUMBER
Classification number 550
Edition number 19
Item number PRE 1998
100 1# - MAIN ENTRY--PERSONAL NAME
Personal name Press, Frank,
Dates associated with a name 1924-
9 (RLIN) 8174
245 10 - TITLE STATEMENT
Title Earth /
Statement of responsibility, etc. Frank Press, Raymond Siever.
250 ## - EDITION STATEMENT
Edition statement 4th ed.
260 ## - PUBLICATION, DISTRIBUTION, ETC. (IMPRINT)
Place of publication, distribution, etc. New York :
Name of publisher, distributor, etc. W.H. Freeman,
Date of publication, distribution, etc. 1998.
300 ## - PHYSICAL DESCRIPTION
Extent xviii, 656 p., [16] p. of plates :
Other physical details col.ill;
Dimensions 29 cm.
500 ## - GENERAL NOTE
General note Map on lining papers.
504 ## - BIBLIOGRAPHY, ETC. NOTE
Bibliography, etc Includes bibliographies and index.
650 #0 - SUBJECT ADDED ENTRY--TOPICAL TERM
Topical term or geographic name as entry element Physical geology.
9 (RLIN) 3838
700 1# - ADDED ENTRY--PERSONAL NAME
Personal name Siever, Raymond.
9 (RLIN) 8175
856 42 - ELECTRONIC LOCATION AND ACCESS
Materials specified Publisher description
Uniform Resource Identifier http://www.loc.gov/catdir/enhancements/fy1011/85020581-d.html
906 ## - LOCAL DATA ELEMENT F, LDF (RLIN)
a 7
b cbc
c orignew
d 1
e ocip
f 19
g y-gencatlg
942 ## - ADDED ENTRY ELEMENTS (KOHA)
Source of classification or shelving scheme Dewey Decimal Classification
Koha item type Short Loan
Holdings
Withdrawn status Lost status Source of classification or shelving scheme Damaged status Not for loan Home library Current library Date acquired Inventory number Total Checkouts Full call number Barcode Date last seen Price effective from Koha item type
    Dewey Decimal Classification     MUST Main Library MUST Main Library 21/04/2016 2002/17395   550 PRE 1998 2016-1130 21/04/2016 21/04/2016 Short Loan
    Dewey Decimal Classification     MUST Main Library MUST Main Library 21/04/2016 2002/17394   550 PRE 1998 2016-1131 21/04/2016 21/04/2016 Short Loan
    Dewey Decimal Classification     MUST Main Library MUST Main Library 21/04/2016 2003/19582   550 PRE 1998 2016-1132 21/04/2016 21/04/2016 Short Loan